| 000 | 00796nam a22002057a 4500 | ||
|---|---|---|---|
| 999 |
_c61323 _d61323 |
||
| 005 | 20240214112553.0 | ||
| 008 | 240212s2021 enk||||| |||| 00| 0 eng d | ||
| 020 | _a9780262539807x | ||
| 041 | _aeng | ||
| 080 | _a004.16 N-75 | ||
| 100 |
_aNisan, Noam _912762 |
||
| 245 |
_aThe Elements of Computing Systems : _bBuilding a Modern Computer from First Principles / _cNoam Nisan and Shimon Schocken. |
||
| 250 | _aSecond edition | ||
| 264 |
_aLondon: _bThe MIT Press, _c2021. |
||
| 300 |
_a326 p. : _b23 cm. |
||
| 653 | _aგამოთვლითი სისტემების ელემენტები | ||
| 653 | _aკომპიუტერული მეცნიერებანი | ||
| 700 |
_aSchocken, Shimon _eავტორი _912763 |
||
| 942 |
_2udc _cᲬᲘᲒᲜᲘ |
||